FC 26 Icons and Heroes - Statistics

General Stats
  • This quiz has been taken 56 times
    15 since last reset
  • The average score is 113 of 213
Answer Stats
Rating Nation + Position Answer % Correct
89 Ghana CAM Abédi Pelé
100%
92 Spain CM Andrés Iniesta
100%
95 Argentina CAM Diego Maradona
100%
92 Brazil RW Garrincha
100%
92 Russia GK Lev Yashin
100%
95 Brazil CAM Pelé
100%
93 Brazil LW Ronaldinho
100%
94 Brazil ST Ronaldo Nazario
100%
94 France CAM Zinedine Zidane
100%
93 Netherlands CAM Johan Cruyff
92%
89 Brazil CAM Kaka
92%
92 Italy CB Paolo Maldini
92%
90 Brazil LB Roberto Carlos
92%
92 England CAM Bobby Charlton
85%
86 South Korea ST Bum Kun Cha
85%
91 Brazil RB Cafu
85%
91 Portugal ST Eusébio
85%
92 Hungary ST Ferenc Puskás
85%
92 Germany ST Gerd Müller
85%
91 Italy GK Gianluigi Buffon
85%
91 Netherlands ST Marco van Basten
85%
91 Germany GK Oliver Kahn
85%
91 Italy CAM Roberto Baggio
85%
91 France ST Thierry Henry
85%
91 Spain CM Xavi
85%
91 Brazil CAM Zico
85%
89 Italy CB Alessandro Nesta
77%
91 Brazil RB Carlos Alberto
77%
88 England RM David Beckham
77%
90 Netherlands ST Dennis Bergkamp
77%
91 Italy CB Franco Baresi
77%
87 Netherlands CDM Frank Rijkaard
77%
92 Germany CB Franz Beckenbauer
77%
88 Wales RW Gareth Bale
77%
90 Spain GK Iker Casillas
77%
89 Argentina RB Javier Zanetti
77%
86 Argentina CM Juan Sebastián Verón
77%
90 Spain ST Raúl
77%
90 Brazil LW Rivaldo
77%
88 Netherlands ST Robin van Persie
77%
88 England CM Steven Gerrard
77%
91 Sweden ST Zlatan Ibrahimović
77%
90 Italy CAM Alessandro Del Piero
69%
88 Ukraine ST Andriy Shevchenko
69%
86 England LB Ashley Cole
69%
88 Germany CM Bastian Schweinsteiger
69%
87 France CDM Claude Makélélé
69%
89 Ivory Coast ST Didier Drogba
69%
88 Belgium LM Eden Hazard
69%
89 France ST Eric Cantona
69%
89 Italy CB Fabio Cannavaro
69%
88 France LM Franck Ribéry
69%
87 England CM Frank Lampard
69%
86 Sweden ST Henrik Larsson
69%
86 Argentina ST Hernan Crespo
69%
89 Bulgaria ST Hristo Stoichkov
69%
89 Mexico ST Hugo Sánchez
69%
87 England RW Joe Cole
69%
88 Argentina CAM Juan Riquelme
69%
89 Germany CB Jurgen Kohler
69%
89 Scotland ST Kenny Dalglish
69%
88 France CB Laurent Blanc
69%
90 Germany CM Lothar Matthäus
69%
89 Portugal RW Luís Figo
69%
86 Mexico ST Luis Hernández
69%
93 USA ST Mia Hamm
69%
86 Ghana CDM Michael Essien
69%
88 England ST Michael Owen
69%
88 France CM Patrick Vieira
69%
88 England CM Paul Scholes
69%
89 Germany RB Philipp Lahm
69%
86 Ireland ST Robbie Keane
69%
87 France LM Robert Pirès
69%
86 Ireland CM Roy Keane
69%
89 Netherlands ST Ruud van Nistelrooy
69%
88 Belgium CB Vincent Kompany
69%
88 England ST Wayne Rooney
69%
90 Italy CM Andrea Pirlo
62%
90 England CB Bobby Moore
62%
89 France LM David Ginola
62%
88 Netherlands GK Edwin van der Sar
62%
87 France CDM Emmanuel Petit
62%
89 Spain ST Fernando Morientes
62%
87 Spain ST Fernando Torres
62%
89 Italy ST Francesco Totti
62%
86 Italy CDM Gennaro Gattuso
62%
90 Northern Ireland RW George Best
62%
88 Italy CB Giorgio Chiellini
62%
87 Wales ST Ian Rush
62%
87 England ST Ian Wright
62%
88 France RB Lillian Thuram
62%
88 France CB Marcel Desailly
62%
88 Denmark CAM Michael Laudrup
62%
88 Germany ST Miroslav Klose
62%
92 Germany GK Nadine Angerer
62%
87 Serbia CB Nemanja Vidić
62%
88 Czechia LM Pavel Nedvěd
62%
88 Czechia GK Petr Čech
62%
90 Netherlands CAM Ruud Gullit
62%
89 Cameroon ST Samuel Eto'o
62%
90 Japan LM Aya Miyama
54%
92 Germany ST Birgit Prinz
54%
89 Spain CB Carles Puyol
54%
85 USA CAM Clint Dempsey
54%
87 Croatia ST Davor Šuker
54%
88 Uruguay ST Diego Forlán
54%
89 Spain ST Emilio Butragueño
54%
88 Spain CB Fernando Hierro
54%
87 Italy CAM Gianfranco Zola
54%
86 Italy RB Gianluca Zambrotta
54%
91 Japan CM Homare Sawa
54%
89 Brazil RW Jairzinho
54%
88 Nigeria CAM Jay-Jay Okocha
54%
89 France ST Jean-Pierre Papin
54%
87 England LW John Barnes
54%
89 Brazil LB Marcelo
54%
87 Netherlands ST Patrick Kluivert
54%
89 Denmark GK Peter Schmeichel
54%
88 England CB Rio Ferdinand
54%
89 Germany ST Rudi Völler
54%
89 Brazil CAM Sócrates
54%
86 England CB Sol Campbell
54%
90 Germany CM Toni Kroos
54%
87 Spain CDM Xabi Alonso
54%
89 England ST Alan Shearer
46%
91 USA ST Alex Morgan
46%
90 France CM Camille Abily
46%
88 Argentina ST Carlos Tevez
46%
87 Brazil CDM Dunga
46%
89 England ST Gary Lineker
46%
88 Romania CAM Gheorge Hagi
46%
87 Australia LW Harry Kewell
46%
87 Japan CAM Hidetoshi Nakata
46%
87 Netherlands CB Jaap Stam
46%
88 Argentina CB Javier Mascherano
46%
90 USA CM Julie Foudy
46%
86 USA CAM Landon Donovan
46%
89 Brazil CB Lúcio
46%
88 Germany ST Mario Gomez
46%
88 Netherlands CB Ronald Koeman
46%
85 Australia ST Tim Cahill
46%
87 Ivory Coast CDM Yaya Touré
46%
88 France LB Bixente Lizarazu
38%
90 Sweden CM Caroline Seger
38%
87 Italy CDM Daniele De Rossi
38%
87 Bulgaria ST Dimitar Berbatov
38%
88 England ST Geoff Hurst
38%
85 Ivory Coast LW Gervinho
38%
88 Finland CAM Jari Litmanen
38%
86 Poland GK Jerzy Dudek
38%
86 Norway LB John Arne Riise
38%
90 Sweden ST Lotta Schelin
38%
88 France ST Marinette Pichon
38%
86 Nigeria ST Nwankwo Kanu
38%
88 Mexico CB Rafael Marquez
38%
87 Portugal CAM Rui Costa
38%
85 Ivory Coast ST Seydou Doumbia
38%
85 USA GK Tim Howard
38%
88 Netherlands CAM Wesley Sneijder
38%
87 Brazil LM Zé Roberto
38%
86 Peru ST Claudio Pizarro
31%
88 Argentina ST Diego Milito
31%
88 Uruguay CAM Enzo Francescoli
31%
87 Colombia CB Iván Córdoba
31%
86 South Korea LM Ji-Sung Park
31%
89 England ST Kelly Smith
31%
88 Brazil RB Maicon
31%
86 Norway ST Ole Gunnar Solskjær
31%
85 Portugal RW Quaresma
31%
86 Brazil CDM Ramires
31%
88 Portugal CB Ricardo Carvalho
31%
86 Saudi Arabia ST Sami Al-Jaber
31%
86 Brazil CAM Sissi
31%
89 Germany CB Steffi Jones
31%
87 England RM Steve McManaman
31%
87 Sweden ST Tomas Brolin
31%
85 Colombia RW Victor Ibarbo
31%
85 England RB Alex Scott
23%
89 Germany ST Célia Šašić
23%
86 Sweden LM Freddie Ljungberg
23%
89 Italy ST Gianluca Vialli
23%
86 Spain LB Joan Capdevila
23%
87 Mexico GK Jorge Campos
23%
86 France RM Ludovic Giuly
23%
87 Slovakia CAM Marek Hamšík
23%
85 Saudi Arabia CAM Mohammed Noor
23%
88 Porutgal LW Paulo Futre
23%
85 Saudi Arabia RW Saeed Al-Owairan
23%
86 Poland ST Włodzimierz Smolarek
23%
88 Italy ST Antonio di Natale
15%
88 Spain CM Cesc Fàbregas
15%
87 Italy CM Claudio Marchisio
15%
85 USA LM DaMarcus Beasley
15%
88 Chile ST Ivan Zamorano
15%
86 England CB Ledley King
15%
85 England ST Peter Crouch
15%
86 France ST Sidney Govou
15%
86 Czechia CAM Tomáš Rosický
15%
86 England CM Fara Williams
8%
87 Brazil CDM Gilberto Silva
8%
86 England CB Jamie Carragher
8%
87 France CB Laura Georges
8%
85 England RB Micah Richards
8%
86 Germany ST Oliver Bierhoff
8%
87 Netherlands ST Roy Makaay
8%
86 France LB Sonia Bompastor
8%
85 England CM Jill Scott
0%
87 France LM Louisa Necib
0%
87 Spain RB Miguel Salgado Fernández
0%
88 Germany CM Nadine Keßler
0%
87 Argentina CAM Pablo Cesar Aimar
0%
88 Germany CM Simone Laudehr
0%
86 Germany RM Ulrich Honess
0%
No matching quizzes found
Score Distribution
Percent of People with Each Score
Percentile by Number Answered
Your Score History
You have not taken this quiz since the last reset